[Event "Guernsey Holiday op"]
[Site "Grand Harve Bay"]
[Date "2006.10.18"]
[Round "4"]
[White "Paardekam, Rene"]
[Black "Brent, Derek"]
[Result "1-0"]
[WhiteElo "1732"]
[BlackElo "1336"]
[PlyCount "48"]
[EventDate "2006.10.15"]
[EventType "swiss"]
[EventRounds "7"]
[EventCountry "GCI"]
[SourceTitle "EXT 2008"]
[Source "ChessBase"]
[SourceDate "2007.11.25"]
[SourceVersion "1"]
[SourceVersionDate "2007.11.25"]
[SourceQuality "1"]

1. e4 g6 2. d4 Bg7 3. c4 d6 4. Nc3 Nc6 5. Be3 e5 6. d5 Nce7 7. f3 f5 8. Qd2 f4 9. Bf2 g5 10. g3 Ng6 11. c5 a6 12. Na4 Bd7 13. Qb4 Nf6 14. cxd6 cxd6 15. Nb6 Rb8 16. Nc4 0-0 17. Nxd6 g4 18. Bb6 Qe7 19. Qc5 gxf3 20. Nxf3 fxg3 21. Ng5 Ng4 22. Ne6 Bxe6 23. dxe6 Nxh2 24. Nf5 Qxe6 1-0